| 000 | 00485cam a22001934a 4500 | ||
|---|---|---|---|
| 005 | 20250605164325.0 | ||
| 008 | 250528s ||||||||||||||||||||||||d | ||
| 035 | _a23019 | ||
| 020 | _a9780748705382 | ||
| 040 |
_aGR-AtMCL _bgre _dGR-AtMCL _eAACR2 |
||
| 245 | 1 | _aTHE FOUNDATIONS OF BUSINESS ORGANISATION | |
| 250 | _a1 | ||
| 260 |
_bStanley Thornes (Publishers) Ltd, _c1990 |
||
| 300 | _a214 | ||
| 700 | 1 |
_aShafto Tony _91162 |
|
| 942 | _cBK | ||
| 999 |
_c8060 _d8060 |
||